| 000 | 01112pam a2200265 a 4500 | ||
|---|---|---|---|
| 001 | 2106934 | ||
| 005 | 20060807180808.0 | ||
| 008 | 960617s1996 enk b 001 0 eng | ||
| 010 | _a 96026319 | ||
| 020 | _a0415125499 (hardcover) | ||
| 020 | _a0415125502 (pbk.) | ||
| 040 |
_aDLC _cDLC _dDLC |
||
| 082 | 0 | 0 |
_a324.24107 _220 _bJON |
| 100 | 1 |
_aJones, Tudor, _d1946- _928670 |
|
| 245 | 1 | 0 |
_aRemaking the Labour Party : _bfrom Gaitskell to Blair / _cTudor Jones. |
| 260 |
_aLondon ; _aNew York : _bRoutledge, _c1996. |
||
| 300 |
_ax, 198 p. ; _c23 cm. |
||
| 504 | _aIncludes bibliographical references (p. [184]-191) and index. | ||
| 610 | 2 | 0 |
_aLabour Party (Great Britain) _xHistory. _928671 |
| 653 |
_bEco _cFebruary2012 |
||
| 856 | 4 | 2 |
_3Publisher description _uhttp://www.loc.gov/catdir/enhancements/fy0649/96026319-d.html |
| 942 |
_2ddc _cBB |
||
| 999 |
_c16400 _d16400 |
||